Quiz sur la Nouvelle-Aquitaine - Statistiques

Statistiques générales
  • Ce quiz a été pris 118 fois
    112 depuis la dernière actualisation
  • Le résultat moyen est 11 sur 15
Statistiques - réponses
Questions Réponses % Correct
Quel est la capitale de la Nouvelle-Aquitaine ? Bordeaux
100%
Cite le seul pays frontalier de la région Espagne
91%
Quel commune de Gironde est connue pour son bassin à l'entrée duquel est situé la dune du Pilat ? Arcachon
88%
Cite une région française frontalière de la région Pays-de-la-Loire | Centre-Val-de-Loire | Auvergne-Rhône-Alpes | Occitanie
85%
Combien y-a t'il de département ? 12
83%
Quelle grotte de Dordogne est célèbre pour ses peintures rupestres ? la grotte de Lascaux
83%
Quel est la population (au millions près) ? 6,1 millions
79%
Cite une région historique de la Nouvelle-Aquitaine Béarn | Charente | Gascogne | Guyenne | Limousin | Marche | Poitou
77%
Quel ville est connue pour accueillir le festival international de la bande dessinée ? Angoulême
76%
Quel est la 2e ville la plus peuplé ? Limoges
73%
Près de quel ville Charles Martel, le chef des Francs arrête une armée arabe en 732 ? Poitiers
73%
Quel est le nom du golfe qui borde cette région ? le Golfe de Gascogne
61%
Quelle céramique, inventé en Chine, est produit dans la 2e ville la plus peuplé ? la porcelaine
55%
Quel est le nom de la charcuterie provenant du sud de l'Aquitaine ? le jambon de Bayonne
49%
Quel est le nom de la plus petit commune de France ? (seulement 3,54 hectares) Castelmoron-d'Albret
4%
Aucun quiz correspondant
Distribution des résultats
% des personnes avec chaque résultat
Percentile par nombre de réponses
Votre historique - résultats
Vous n’avez pas pris ce quiz depuis la dernière actualisation